Statistiques concernant États de l'Empire Allemand

Cliquez ici pour prendre le quiz!

Statistiques générales

  • Ce quiz a été pris 86 fois
  • Le résultat moyen est 9 sur 26

Statistiques - réponses

Réponse% Correct
Royaume de Bavière
99%
Royaume de Prusse
91%
Royaume de Saxe
90%
Ville libre de Hambourg
67%
Grand-Duché de Bade
66%
Ville libre de Brême
60%
Royaume de Wurtemberg
59%
Grand-Duché de Hesse
50%
Duché d'Anhalt
36%
Ville libre de Lübeck
29%
Alsace-Lorraine
27%
Duché de Braunschweig
23%
Grand-Duché d'Oldenbourg
23%
Duché de Saxe-Cobourg et Gotha
17%
Principauté de Lippe
16%
Grand-Duché de Mecklembourg-Strelitz
13%
Grand-Duché de Saxe-Weimar-Eisenach
13%
Grand-Duché de Mecklembourg-Schwerin
11%
Principauté de Waldeck
11%
Duché de Saxe-Meiningen
10%
Principauté de Reuß branche aînée
10%
Principauté de Reuß branche cadette
10%
Principauté de Schwarzbourg-Rudolstadt
10%
Principauté de Schaumbourg-Lippe
9%
Principauté de Schwarzbourg-Sondershausen
9%
Duché de Saxe-Altenbourg
7%

Distribution des résultats

Percentile par nombre de réponses

% des personnes avec chaque résultat

Votre développement - résultats

Vous n’avez pas pris ce quiz